Nieoczywiste miasta powiatowe - Statystyki

Ogólne statystyki
  • Ten quiz został rozwiązany 31 razy
  • Średni wynik to 21 z 27
Statystyki odpowiedzi
Powiat Siedziba powiatu % Poprawnych
aleksandrowski Aleksandrów Kujawski
93%
nowodworski (woj. pomorskie) Nowy Dwór Gdański
93%
buski Busko-Zdrój
90%
lidzbarski Lidzbark Warmiński
90%
bielski (woj. podlaskie) Bielsk Podlaski
86%
kamieński Kamień Pomorski
86%
nakielski Nakło nad Notecią
86%
starogardzki Starogard Gdański
86%
lwówecki Lwówek Śląski
83%
sępoleński Sępólno Krajeńskie
83%
bialski Biała Podlaska
79%
drawski Drawsko Pomorskie
79%
krosnieński (woj. lubuskie) Krosno Odrzańskie
79%
bieszczadzki Ustrzyki Dolne
79%
ząbkowicki Ząbkowice Śląskie
79%
janowski Janów Lubelski
76%
konecki Końskie
76%
nowomiejski Nowe Miasto Lubawskie
76%
ostrowski (woj. mazowieckie) Ostrów Mazowiecka
76%
sokołowski Sokołów Podlaski
76%
gdański Pruszcz Gdański
72%
radzyński Radzyń Podlaski
72%
dąbrowski Dąbrowa Tarnowska
62%
makowski Maków Mazowiecki
62%
strzelecko-drezdenecki Strzelce Krajeńskie
59%
kazimierski Kazimierza Wielka
55%
warszawski zachodni Ożarów Mazowiecki
48%
Nie znaleziono quizów pasujących do podanych kryteriów
Rozkład punktacji
Procent ludzi z każdym wynikiem
Percentyl według liczby udzielonych odpowiedzi
Twoja historia wyników
Nie rozwiązałeś tego quizu